King Sturge property predictions 2010 (Record no. 110384)

MARC details
000 -LEADER
fixed length control field 01092cad a22002175a 4500
001 - CONTROL NUMBER
control field L149146
008 - FIXED-LENGTH DATA ELEMENTS--GENERAL INFORMATION
fixed length control field 100118s2010 xxk f s 000 0 eng d
035 ## - SYSTEM CONTROL NUMBER
System control number (Sirsi) u149146
041 0# - LANGUAGE CODE
Language code of text/sound track or separate title eng
050 04 - LIBRARY OF CONGRESS CALL NUMBER
Classification number 333.332 $2 18
110 2# - MAIN ENTRY--CORPORATE NAME
Corporate name or jurisdiction name as entry element King Sturge
9 (RLIN) 3877
245 00 - TITLE STATEMENT
Title King Sturge property predictions 2010
Medium [electronic resource]
260 ## - PUBLICATION, DISTRIBUTION, ETC.
Place of publication, distribution, etc. [S.l.]
Name of publisher, distributor, etc. King Sturge
Date of publication, distribution, etc. 2010
520 ## - SUMMARY, ETC.
Summary, etc. King Sturge's annually produced UK property market predictions cover the key sectors including residential, retail, office and industrial property as well as property investment, planning and building. Analyses how the economy will affect the property industry in 2010.
590 ## - LOCAL NOTE (RLIN)
Local note KA NTK
651 #4 - SUBJECT ADDED ENTRY--GEOGRAPHIC NAME
Geographic name United Kingdom
Chronological subdivision
690 ## - LOCAL SUBJECT ADDED ENTRY--TOPICAL TERM (OCLC, RLIN)
Topical term or geographic name as entry element PROPERTY-COMMERCIAL PROPERTY-COMMERCIAL PROPERTY MARKET
690 ## - LOCAL SUBJECT ADDED ENTRY--TOPICAL TERM (OCLC, RLIN)
Topical term or geographic name as entry element PROPERTY-RESIDENTIAL PROPERTY-RESIDENTIAL PROPERTY MARKET
856 40 - ELECTRONIC LOCATION AND ACCESS
Uniform Resource Identifier <a href="https://www.kingsturge.co.uk/news/~/media/Global%20Publication%20PDF/UK/PROPERTY%20PREDICTIONS%202010%20SECTOR%20PAPERS%20-%20FINAL.ashx">https://www.kingsturge.co.uk/news/~/media/Global%20Publication%20PDF/UK/PROPERTY%20PREDICTIONS%202010%20SECTOR%20PAPERS%20-%20FINAL.ashx</a>
Public note View the research report free of charge at www.kingsturge.co.uk...
942 ## - ADDED ENTRY ELEMENTS (KOHA)
Suppress in OPAC 0
Holdings
Withdrawn status Lost status Source of classification or shelving scheme Damaged status Not for loan Home library Current library Shelving location Date acquired Total Checkouts Full call number Barcode Date last seen Copy number Price effective from Koha item type
    Dewey Decimal Classification     Virtual Virtual Online 18/01/2010   ONLINE PUBLICATION 149146-2001 06/08/2019 1 06/08/2019 Book